Záhada kašlajúceho draka

Bibliographic Details
Main Author: West, Nick, 1911-2003 (Author)
Other Authors: Oravcová Orlíková, Mária, 1953- (Translator)
Format: Book
Language:Slovak
English
PhysicalDescription:124 s. 21 cm
Published: Bratislava Slovenské pedagogické nakladateľstvo - Mladé letá 2017
ISBN:9788010030873
Edition:2. vyd.
Series:Traja pátrači
Subjects:

MARC

LEADER 00000cam a2200000 a 4500
001 vtls011634291
003 SK-MaSNL
005 20260301140742.0
008 200205s2017 xo c 000 f slo
015 |a SNBA2017/07 
020 |a 9788010030873  |q (viaz.) 
035 |a urn:nbn:sk:snk-am00d5mv 
035 |a urn:nbn:sk:snk-am3hqhw 
035 |a 35F5605A-2626-4096-85F3-158D45C0D103 
040 |a SNK  |b slo  |c SNK  |e AACR2 
041 1 |a slo  |h eng  |k ger 
044 |a xo  |c SK 
072 7 |a 821.111(73)-3  |x Americká próza  |2 konspekt 
072 7 |a 821-93  |x Literatúra pre deti a mládež (beletria)  |2 konspekt 
080 |a 821.111(73)-31  |2 2011 
080 |a (0:82-312.4)  |2 2011 
080 |a 82-93-053.2  |2 2011 
100 1 |a West, Nick,  |d 1911-2003  |4 aut  |9 181267 
240 1 0 |a Three investigators in the mystery of the coughimg dragon  |l Slovensky 
245 1 0 |a Záhada kašlajúceho draka  |c rozpráva Nick West ; [preložila Mária Oravcová Orlíková] 
250 |a 2. vyd. 
260 |a Bratislava  |b Slovenské pedagogické nakladateľstvo - Mladé letá  |c 2017 
300 |a 124 s.  |c 21 cm 
490 1 |a Traja pátrači  |v 8 
504 |a Výslovnosť cudzích mien a názvov 
521 1 |a Pre čitateľov od 9 rokov 
655 7 |a americké romány  |2 SNKPH  |9 1174 
655 7 |a detektívne romány  |2 SNKPH  |9 70455 
655 7 |a publikácie pre deti  |2 SNKPH  |9 70148 
655 7 |a American novels  |2 SNKPHeng  |9 277755 
655 7 |a Detective novels  |2 SNKPHeng  |9 121444 
655 7 |a Children's literature  |2 SNKPHeng  |9 276039 
700 1 |a Oravcová Orlíková, Mária,  |d 1953-  |4 trl  |9 204839 
730 0 |a Die drei ??? und unheimliche Drache  |l Slovensky  |9 493802 
830 0 |a Traja pátrači  |9 291200 
919 |a 978-80-10-03087-3 
958 |a LX 
958 |a DB 
958 |a UP 
968 |b ENG  |c DT 
999 |c 764913  |d 766843 
952 |a SNK  |b SNK  |y PREZ  |7 0  |p 17A1260994  |o snkSC 175173  |i snk2017/14774  |8 0  |0 0  |1 0  |4 0  |d 2017-06-23  |f 1  |l 0  |r 2025-09-16 00:00:00  |w 2026-02-24 
952 |a SNK  |b SNK  |y PREZ  |7 0  |p 17A1260995  |o snkSC 175173 D1  |i snk2017/14775  |8 0  |0 0  |1 0  |4 0  |d 2017-06-23  |l 0  |r 2026-02-24 00:16:24  |w 2026-02-24